000 00564nam a22001457a 4500
020 _a978-0-552-16413-9
082 _a823
_bWAT/B
100 _aWATSON, S J
245 _aBEFORE GO TO SLEEP
260 _aGREAT BRITAIN
_bBLACK SWAN
_c2012
300 _a286
520 _aThe novel is a psychological thriller about a woman suffering from anterograde amnesia. She wakes up every day with no knowledge of who she is and the novel follows her as she tries to reconstruct her memories from a journal she has been keeping.
650 _aNOVEL
_zGREAT BRITAIN
942 _cBK
999 _c5066
_d5066